01592cam a2200181 i 4500020001800000041000900018082001400027245011600041260003400157300001100191504005100202520102200253546001301275650003401288650003201322700002701354700002901381 a9781003086031 aeng-00a306bMAT-04aThe material subject :brethinking bodies and objects in motion /c[edited by] Urmila Mohan and Laurence Douny. aNew York :bRoutledge,c2022. a246p.  aIncludes bibliographical references and index. a"This volume emphasizes the role of bodily and material culture in making subjects, with a focus on empirical field research and theoretical sophistication. In particular, the work is situated in the anthropological study of techniques, materiality and power via the ideas of the Matière à Penser (MaP) school of thought. It provides students and scholars of material culture with valuable access to an intellectual tradition developed mostly in France and to emerging cross-disciplinary research. The book highlights the embodied subject as a holistic entity - including mind, drives and pains - engaged in relationships with others, and in doing so rejects the Western notion of the self-managing individual with disembodied thought. The chapters mediate different scales of engagement through a focus on practices and connect the study of physical properties (of both humans and objects) and gestures to larger questions of how individuals are connected with their environment and each other through actions"-- aEnglish. 0aMaterial culturexPhilosophy. 0aMaterial culturexResearch.1 aMohan, Urmilaeeditor.1 aDouny, Laurenceeeditor.